000
00286 a2200133 4500
001
49432
020
_a
8575201794
040
_c
Anchieta - Bela Vista
240
1
0
_a
A cabritinha bebé
_l
por
245
1
0
_a
A cabritinha bebé
300
_a
8
650
4
_a
Literatura infantil
942
_c
BK
999
_c
49432
_d
49432